Mebel, który bywa wykonany z metalu - Statystyki

Ogólne statystyki
  • Ten quiz został rozwiązany 23 razy
  • Średni wynik to 4 z 5
Statystyki odpowiedzi
Odpowiedź % Poprawnych
Krzesło
90%
Stół
90%
Łóżko
70%
Szafka
65%
Regał
40%
Nie znaleziono quizów pasujących do podanych kryteriów
Rozkład punktacji
Procent ludzi z każdym wynikiem
Percentyl według liczby udzielonych odpowiedzi
Twoja historia wyników
Nie rozwiązałeś tego quizu